Statistiken für Gemeinden Landkreis Altötting

Klicken Sie hier um das Quiz zu spielen!

Allgemein

  • Dieses Quiz wurde 60 mal gespielt
  • Das Durchschnittsergebnis liegt bei 15 aus 24

Antwortstatistiken

EinwohnerGemeindeartGemeindename% Korrekt
13.001Stadtgemeinde, KreisstadtAltötting
100%
18.713StadtgemeindeBurghausen
97%
8.989StadtgemeindeNeuötting
88%
10.504GemeindeBurgkirchen an der Alz
75%
3.305MarktgemeindeTüßling
75%
2.749MarktgemeindeMarktl
72%
8.645GemeindeGarching an der Alz
69%
9.276StadtgemeindeTöging am Inn
69%
1.870GemeindeTeising
66%
3.281GemeindeUnterneukirchen
66%
2.615GemeindeReischach
63%
4.150GemeindeEmmerting
59%
1.273GemeindePerach
59%
4.785GemeindeWinhöring
59%
2.515GemeindeHaiming
56%
1.179GemeindeErlbach
53%
2.798GemeindeKastl
53%
2.638GemeindeKirchweidach
53%
2.459GemeindeMehring
53%
1.042GemeindeStammham
53%
2.455GemeindePleiskirchen
50%
1.015GemeindeHalsbach
41%
1.042GemeindeTyrlaching
41%
1.217GemeindeFeichten an der Alz
38%

Verteilung der Resultate

Perzentil nach korrekt beantworteten Fragen

Anzahl Personen mit jedem Resultat

Ihre Resultats-Entwicklung

Sie haben dieses Quiz noch nicht gespielt